000 00699nam a22002177a 4500
005 20240709115350.0
010 _aEng-140859
020 _c235.00
_a978-81-8449-894-3
035 _aEN-124392
037 _bDBAD
082 _a485
_22018-19
100 _aby
_968285
245 _aSmart English Workbook:
_bBased On The New Updated Textbook /
_cby Arun Sharma [and] Meenakshi Upadhyay
250 _a2018-19
260 _aChennai
_bSurya Publications
_c2018-19
270 _bChennai
_a1620,'J' Block, 16th main Road,Anna Nagar
_e600040.
300 _avi, 282pg.
_c26cm(pb).
500 _aBased On The New Updated Textbook
700 _968275
942 _2ddc
_cEN
_h485
_e2018-19
999 _c204050
_d204050